NBA Starting PGs of the Past 10 Years - Statistics

General Stats
  • This quiz has been taken 413 times
    55 since last reset
  • The average score is 56 of 101
Answer Stats
Answer % Correct
James Harden
100%
Trae Young
98%
Damian Lillard
95%
Ja Morant
95%
Jrue Holiday
95%
Kyrie Irving
95%
LaMelo Ball
95%
Lonzo Ball
95%
Russell Westbrook
95%
Stephen Curry
95%
Tyrese Haliburton
95%
Dejounte Murray
93%
Jalen Brunson
93%
Jamal Murray
93%
Shai Gilgeous-Alexander
93%
Chris Paul
91%
De'Aaron Fox
91%
Derrick White
91%
Luka Doncic
91%
Mike Conley
91%
Cade Cunningham
89%
Coby White
89%
Kyle Lowry
89%
Nickeil Alexander-Walker
89%
Tyrese Maxey
89%
Kemba Walker
86%
Anfernee Simons
82%
Ben Simmons
82%
Darius Garland
82%
Devin Booker
82%
Fred VanVleet
82%
Marcus Smart
75%
Amen Thompson
73%
Isaiah Thomas
73%
John Wall
73%
Jalen Suggs
70%
D'Angelo Russell
68%
Keyonte George
68%
Davion Mitchell
66%
Jeff Teague
66%
LeBron James
66%
CJ McCollum
64%
Deron Williams
64%
Derrick Rose
64%
Payton Pritchard
64%
Dennis Smith Jr
61%
Goran Dragic
61%
Immanuel Quickley
61%
Josh Giddey
61%
Bruce Brown
59%
Tre Jones
59%
Tyus Jones
59%
Jarrett Jack
57%
Andrew Nembhard
55%
Reggie Jackson
55%
Tony Parker
55%
Dennis Schroder
52%
Rajon Rondo
52%
Ricky Rubio
50%
Collin Sexton
48%
Markelle Fultz
48%
Terry Rozier
48%
Eric Bledsoe
43%
George Hill
43%
Cole Anthony
41%
Donte DiVincenzo
41%
Malcolm Brogdon
41%
Ryan Rollins
41%
Egor Demin
39%
Kevin Porter Jr
39%
Patrick Beverley
34%
Anthony Black
32%
Elfrid Payton
32%
Ayo Dosunmu
30%
Devonte' Graham
30%
Darren Collison
27%
Jeremy Lin
27%
Bub Carrington
25%
Collin Gillespie
25%
DJ Augustin
25%
Jeremiah Fears
25%
Monte Morris
25%
Spencer Dinwiddie
25%
Cam Spencer
23%
Kendrick Nunn
23%
Kris Dunn
23%
Killian Hayes
20%
TJ McConnell
20%
Emmanuel Mudiay
16%
Matthew Dellavedova
16%
Naji Marshall
16%
Jose Calderon
14%
Justise Winslow
11%
Tyler Ulis
11%
Milos Teodosic
9%
Andrew Harrison
7%
Delon Wright
7%
Theo Maledon
7%
Tomas Satoransky
7%
Shabazz Napier
5%
De'Anthony Melton
2%
No matching quizzes found
Score Distribution
Percent of People with Each Score
Percentile by Number Answered
Your Score History
You have not taken this quiz since the last reset